Normal view
MARC view
- Desilva, Clarence W
Entry Personal Name
001 - CONTROL NUMBER
- control field: 63360
003 - CONTROL NUMBER IDENTIFIER
- control field: NUST
005 - DATE AND TIME OF LATEST TRANSACTION
- control field: 20210628203116.0
008 - FIXED-LENGTH DATA ELEMENTS
- fixed length control field: 210628|| aca||aabn | a|a d
040 ## - CATALOGING SOURCE
- Original cataloging agency: NUST
- Transcribing agency: NUST
100 ## - HEADING--PERSONAL NAME
- Personal name: Desilva, Clarence W
670 ## - SOURCE DATA FOUND
- Source citation: Work cat.: (NUST): Desilva, Clarence W, Modeling and control of engineering systems, 2009
